00434nam a2200181Ia 4500003000400000005001700004008004100021020002200062040000700084041000800091082001500099100002400114245003500138260003000173300001500203365001300218650002100231OSt20230529150646.0210423s2015 xx 000 0 und d a978-93-84007-62-1 cAL aeng a613.2 MITN aMITCHELL (Mary Kay) aNutrition across the life span aNew DelhibMed Techc2015 axv,608bPB b995cINR aHealth Promotion